<?xml version="1.0" encoding="UTF-8"?>
<record
    xmlns:xsi="http://www.w3.org/2001/XMLSchema-instance"
    xsi:schemaLocation="http://www.loc.gov/MARC21/slim http://www.loc.gov/standards/marcxml/schema/MARC21slim.xsd"
    xmlns="http://www.loc.gov/MARC21/slim">

  <leader>03544njm a2200433Ia 4500</leader>
  <controlfield tag="001">40253</controlfield>
  <controlfield tag="003">IT-RoPAU</controlfield>
  <controlfield tag="005">20220918181152.0</controlfield>
  <controlfield tag="008">131025s9999    xx            000 0 und d</controlfield>
  <datafield tag="040" ind1=" " ind2=" ">
    <subfield code="a">IT-RoPAU</subfield>
  </datafield>
  <datafield tag="040" ind1=" " ind2=" ">
    <subfield code="c">IT-RoPAU</subfield>
  </datafield>
  <datafield tag="041" ind1=" " ind2=" ">
    <subfield code="a">INGLESE</subfield>
  </datafield>
  <datafield tag="999" ind1=" " ind2=" ">
    <subfield code="c">102188</subfield>
    <subfield code="d">102188</subfield>
  </datafield>
  <datafield tag="999" ind1=" " ind2=" ">
    <subfield code="b">n.d.</subfield>
  </datafield>
  <datafield tag="100" ind1=" " ind2=" ">
    <subfield code="a">AA.VV.</subfield>
    <subfield code="9">794</subfield>
  </datafield>
  <datafield tag="100" ind1=" " ind2=" ">
    <subfield code="e">Autore musica</subfield>
    <subfield code="9">21004</subfield>
  </datafield>
  <datafield tag="100" ind1=" " ind2=" ">
    <subfield code="g">Codice autore musica SPICS: 12000</subfield>
    <subfield code="9">796</subfield>
  </datafield>
  <datafield tag="245" ind1=" " ind2=" ">
    <subfield code="a">Sarah Vaughan</subfield>
  </datafield>
  <datafield tag="250" ind1=" " ind2=" ">
    <subfield code="a">2a ed.</subfield>
  </datafield>
  <datafield tag="260" ind1=" " ind2=" ">
    <subfield code="a">MILANO</subfield>
  </datafield>
  <datafield tag="260" ind1=" " ind2=" ">
    <subfield code="b">MUSICA JAZZ</subfield>
    <subfield code="c">1986 [1a Ed.:]</subfield>
  </datafield>
  <datafield tag="300" ind1=" " ind2=" ">
    <subfield code="a">DISCO</subfield>
  </datafield>
  <datafield tag="300" ind1=" " ind2=" ">
    <subfield code="c">42 minuti (Testo:  pag.)</subfield>
  </datafield>
  <datafield tag="500" ind1=" " ind2=" ">
    <subfield code="a">Musica jazz. Disco fuori commercio allegato al n. 12 '86 della rivista "Musica jazz". Brani di autori vari.</subfield>
  </datafield>
  <datafield tag="505" ind1=" " ind2=" ">
    <subfield code="a">No Smakes - Signing Off [(New York, 31 dicembre 1944) (3:00)] - Interlude [(New York, 31 dicembre 1944) (3:00)] - East of the Sun [(New York, 31 dicembre 1944) (3:00)] - Don't Blame Me [(Los Angeles, febbraio o marzo 1945) (3:00)] - Lover Man [(New York, 11 maggio 1945) (4:00)] - Mean To Me [(New York, 25 maggio 1945) (3:00)] - All Too Soon [(New York, 1945) (3:00)] - If You Could See Me Now [(New York, 7 maggio 1946) (3:00)] - Don't Worry 'Bout Me [(New York, 19 agosto 1946) (3:00)] - I Get A Kick Out of You [(New York, 19 agosto 1946) (4:00)] - Everything I Have Is Yours [(Los Angeles, maggio 1949) (4:00)] - Shulie A Bop [(New York, 2 aprile 1954) (3:00)] - Lullaby of Birdland [(New York, 18 dicembre 1954) (3:00)] - </subfield>
  </datafield>
  <datafield tag="511" ind1=" " ind2=" ">
    <subfield code="a">Vaughan Sarah: voc; Gillespie Dizzy: tr; Sachs Aaron: cl; Auld George: ten; Feather Leonard: p; Wayne Chuck: chit; Lesberg Jack: cb; Feld Morey: batt</subfield>
  </datafield>
  <datafield tag="511" ind1=" " ind2=" ">
    <subfield code="a">Vaughan Sarah: voc; Gillespie Dizzy: tr, p; Sachs Aaron: cl; Auld George: ten; Feather Leonard: p; Wayne Chuck: chit; Lesberg Jack: cb; Feld Morey: batt</subfield>
  </datafield>
  <datafield tag="511" ind1=" " ind2=" ">
    <subfield code="a">Vaughan Sarah: voc; Navarro Fats: tr; McConnell Shorty: tr; Brockman Gail: tr; Hazel Boonie: tr; Valentine Jerry: trne; Baird Taswell: trne; Scott Howard: trne; Outcalt Chips: trne; Jackson John: alto; Frazier Bill: alto; Johnson Budd: ten; Ammons Gene: ten; Parker Leo: bar; Malachi John: p; Wainwright Connie: chit; Potter Tommy: cb; Blakey Art: batt; Dameron Tadd: arr; Billy Echstine Orchestra</subfield>
  </datafield>
  <datafield tag="511" ind1=" " ind2=" ">
    <subfield code="a">Vaughan Sarah: voc; Gillespie Dizzy: tr; Parker Charlie: alto; Haig Al; Prussell Curly: cb; Catlett Big Sid: batt; Dizzy Gillespie All Stars Quintet</subfield>
  </datafield>
  <datafield tag="511" ind1=" " ind2=" ">
    <subfield code="a">Vaughan Sarah: voc; Gillespie Dizzy: tr; Parker Charlie: alto; Phillips Flip: ten; Jaffe Nat: p; De Arango Bill: chit; Russell Curly: cb; Roach Max: batt</subfield>
  </datafield>
  <datafield tag="511" ind1=" " ind2=" ">
    <subfield code="a">Vaughan Sarah: voc; Gillespie Dizzy: tr; Young Trummy: trne; Scott Tony: cl, alto; Webster Ben: ten; Jones Jimmy: p; Ramey Gene: cb; Nicholson Ed: batt; Tony Scott Septet</subfield>
  </datafield>
  <datafield tag="511" ind1=" " ind2=" ">
    <subfield code="a">Vaughan Sarah: voc; Webster Freddie: tr; Harris Leroy: alto; Parker Leo: bar; Powell Bud: p; Sturgis Ted: cb; Dameron Tadd: arr, cond; archi sconosciuti</subfield>
  </datafield>
  <datafield tag="511" ind1=" " ind2=" ">
    <subfield code="a">Vaughan Sarah: voc; Clayton Buck: tr; Brown Scoville: alto; Byas Don: ten; James George: bar; Wilson Teddy: p; Palmieri Remo: chit; Taylor Billy: cb; Heard J.C.: batt; Teddy Wilson Octet</subfield>
  </datafield>
  <datafield tag="511" ind1=" " ind2=" ">
    <subfield code="a">Vaughan Sarah: voc; Jones Jimmy: p</subfield>
  </datafield>
  <datafield tag="511" ind1=" " ind2=" ">
    <subfield code="a">Vaughan Sarah: voc; Malachi John: p; Benjamin Joe: cb; Haynes Roy: batt</subfield>
  </datafield>
  <datafield tag="511" ind1=" " ind2=" ">
    <subfield code="a">Vaughan Sarah: voc; Brown Clifford: tr; Mann Herbie: fl; Quinichette Paul: ten; Jones Jimmy: p; Benjamin Joe: cb; Haynes Roy: batt</subfield>
  </datafield>
  <datafield tag="650" ind1=" " ind2=" ">
    <subfield code="a">JAZZ [DISCHI]</subfield>
    <subfield code="e">Codice MATERIA SPICS: 9950</subfield>
    <subfield code="9">21005</subfield>
  </datafield>
  <datafield tag="700" ind1=" " ind2=" ">
    <subfield code="a">Vaughan Sarah</subfield>
    <subfield code="e">Interprete</subfield>
    <subfield code="g">Codice interprete SPICS: 16417</subfield>
    <subfield code="9">21006</subfield>
  </datafield>
  <datafield tag="942" ind1=" " ind2=" ">
    <subfield code="c">MD</subfield>
    <subfield code="2">ddc</subfield>
  </datafield>
  <datafield tag="952" ind1=" " ind2=" ">
    <subfield code="0">0</subfield>
    <subfield code="1">0</subfield>
    <subfield code="4">0</subfield>
    <subfield code="6">40253_000000000000000</subfield>
    <subfield code="7">1</subfield>
    <subfield code="a">SPICS</subfield>
    <subfield code="b">SPICS</subfield>
    <subfield code="d">2013-10-25</subfield>
    <subfield code="l">0</subfield>
    <subfield code="o">40253</subfield>
    <subfield code="r">2013-10-25 00:00:00</subfield>
    <subfield code="w">2013-10-25</subfield>
    <subfield code="y">MD</subfield>
    <subfield code="z">Progr. Ins.: 14056 / N.Vol.: 1 / Copie: 1 - Copia rara: n.d. / date import: 01.01.2014 - By Epidotti, Trombetti, Vaglietti</subfield>
  </datafield>
</record>
